000 00416nam a2200169Ia 4500
001 65634
008 220908n ii |||gr||||Z||||||297
082 _a892.7
100 _aHamid.
245 0 _aSaad Bin Abi Wakkas
_cBy Abdul Hamid
_hTextual Documents
250 _aFirst.
260 _aKashmir:
_bNadwi Publication.
653 _aArabic
653 _aSaad Bin Abi Wakkas
653 _aG-Arabic
942 _2ddc
_cBK
999 _c66734
_d66734